000 00366 a2200169 4500
001 71579
020 _a8516020606
040 _cAnchieta - Colégio São Paulo
100 _aVenezia, Mike
240 1 0 _aPaul Gauguin
_lpor
245 1 0 _aPaul Gauguin
300 _a32
362 0 _a1997
440 1 _aModerna
650 4 _aLiteratura infanto-juvenil
942 _cBK
999 _c71579
_d71579